| Tag |
First Indicator |
Second Indicator |
Subfields |
| LEADER |
00000cam a2200000 i 4500 |
| 001 |
in00000789721 |
| 005 |
20170731170249.0 |
| 008 |
770711s1977 dcuabf b f000 0 eng c |
| 035 |
|
|
|a (OCoLC)ocm03126041
|
| 035 |
|
|
|a (OCoLC)03126041
|
| 035 |
|
|
|9 ADQ3259AM
|
| 040 |
|
|
|a GPO
|b eng
|e rda
|c GPO
|d OCL
|d OCLCQ
|d OCLCF
|d OCLCO
|d OCLCQ
|d TXA
|
| 035 |
|
|
|a (OCoLC)3126041
|
| 037 |
|
|
|b 20410
|
| 042 |
|
|
|a pcc
|
| 043 |
|
|
|a n-us-pa
|
| 050 |
|
4 |
|a GB1399.2
|
| 074 |
|
|
|a 594-A-2
|
| 086 |
0 |
|
|a HH 10.9:M 46
|
| 049 |
|
|
|a TXAM
|
| 245 |
0 |
0 |
|a Flood insurance study.
|p City of Meadville, Pennsylvania, Crawford County.
|
| 246 |
3 |
0 |
|a City of Meadville, Pennsylvania, Crawford County
|
| 264 |
|
1 |
|a [Washington, D.C.] :
|b U.S. Department of Housing & Urban Development, Federal Insurance Administration,
|c [1977]
|
| 300 |
|
|
|a ii, 17 pages, 2 folded leaves of plates :
|b illustrations, maps ;
|c 28 cm
|
| 336 |
|
|
|a text
|b txt
|2 rdacontent
|
| 337 |
|
|
|a unmediated
|b n
|2 rdamedia
|
| 338 |
|
|
|a volume
|b nc
|2 rdacarrier
|
| 500 |
|
|
|a "December 1976"
|
| 500 |
|
|
|a "March 1977. HUD-FIA-169-303"--Page 4 of cover.
|
| 500 |
|
|
|a Conducted by Army Corps of Engineers, Pittsburg District for Federal Insurance Administration.
|
| 500 |
|
|
|a Authority and finanacing are contained in Inter-Agency Agreement nos. H-19-74 and H-16-75, Project Order nos. 17 and 06, respectively.
|
| 504 |
|
|
|a Includes bibliographical references (pages 16-17).
|
| 500 |
|
|
|a Location map on cover.
|
| 500 |
|
|
|a Title from cover.
|
| 650 |
|
0 |
|a Flood insurance
|z Pennsylvania
|z Meadville (Crawford County)
|
| 650 |
|
0 |
|a Flood insurance
|z Pennsylvania
|z Crawford County.
|
| 650 |
|
7 |
|a Flood insurance.
|2 fast
|0 (OCoLC)fst01715819
|
| 651 |
|
7 |
|a Pennsylvania
|z Meadville (Crawford County)
|2 fast
|0 (OCoLC)fst01775215
|
| 650 |
|
0 |
|a Flood forecasting
|z Pennsylvania
|z Meadville (Crawford County)
|
| 650 |
|
0 |
|a Flood forecasting
|z Pennsylvania
|z Crawford County.
|
| 655 |
|
7 |
|a Technical reports.
|2 lcgft
|
| 710 |
1 |
|
|a United States.
|b Army.
|b Corps of Engineers.
|b Pittsburgh District.
|
| 710 |
1 |
|
|a United States.
|b Federal Insurance Administration,
|e issuing body.
|
| 856 |
4 |
1 |
|z Available online at HathiTrust:
|u http://n2t.net/ark:/81423/m3mq0j
|t 0
|
| 994 |
|
|
|a C0
|b TXA
|
| 948 |
|
|
|a cataloged
|b h
|c 2017/7/31
|d c
|e nbehmer
|f 4:35:32 pm
|
| 999 |
f |
f |
|s ec749c68-e323-31ce-8895-06b6d1337be5
|i 735e6f78-d734-3b3a-9c9a-d68c50ae63e4
|t 0
|
| 952 |
f |
f |
|a Texas A&M University
|b College Station
|c Electronic Resources
|d Available Online
|t 0
|e HH 10.9:M 46
|g Electronic
|h Superintendent of Documents classification
|
| 998 |
f |
f |
|a HH 10.9:M 46
|t 0
|l Available Online
|